| 000 | 00796cam a2200313 4500 | ||
|---|---|---|---|
| 008 | 090401t1998 xxu||||| |||| 00| 0 eng d | ||
| 020 | _a0860174905 | ||
| 035 | _a(Sirsi) u88622 | ||
| 041 | _aeng | ||
| 050 | _a625.734 | ||
| 100 | _aOsborne, Martin | ||
| 245 | _aManagement of gully pots for improved runoff quality. | ||
| 260 |
_aLondon _bCIRIA _c1998 |
||
| 300 | _a36p. ; 30cm. | ||
| 350 | _a54 | ||
| 490 |
_aCIRIA Report _v183 |
||
| 650 | _aGULLY POTS | ||
| 650 | _aHIGHWAYS | ||
| 650 | _aRUNOFF | ||
| 650 | _aWATER POLLUTION | ||
| 650 | _aWATER | ||
| 690 | _aWATER | ||
| 700 | _aButler, David | ||
| 700 | _aClarke, Phil | ||
| 700 | _aMemon, Fayyaz | ||
| 710 |
_aConstruction Industry Research and Information Association _94810 |
||
| 942 | _n0 | ||
| 948 | _c24/09/1998 | ||
| 999 |
_c97363 _d97363 |
||